000 00421nam a2200169Ia 4500
008 220216s9999 xx 000 0 und d
100 _aJacob Jom
245 0 _aWill the new year bring cheer to NR growers ?
260 _bRubber Asia
_c2018
300 _a40-45
500 _aSource Year: 2018
650 _aNR growers
650 _aWorld consumption
650 _aWorld production
650 _aYield
942 _cJS
999 _c72446
_d72446